| 000 | 00714nam a2200229Ia 4500 | ||
|---|---|---|---|
| 003 | OSt | ||
| 005 | 20230408100537.0 | ||
| 008 | 210423s2018 xx 000 0 und d | ||
| 020 | _a978-93-5271-853-5 | ||
| 040 | _cAL | ||
| 041 | _aeng | ||
| 082 |
_a657.48 _223 _bMAHF |
||
| 100 |
_aMAHESHWARI (S N);MAHESHWARI (Suneel K);MAHESHWARI (Sharad K) _984602 |
||
| 245 |
_aFinancial accounting Ed 6 _bFor B Com and foundation courses of CA CS and CMA |
||
| 250 | _a6 | ||
| 260 |
_aNoida _bVikas Publications _c2018 |
||
| 300 |
_axvi,885 _bPB |
||
| 365 |
_b620 _cINR |
||
| 650 |
_aFinancial Accounting _984603 |
||
| 906 | _aaccounting ; B ; CA ; CMA ; Com ; courses ; CS ; Financial ; foundation | ||
| 942 |
_2ddc _cBK |
||
| 999 |
_c169323 _d169323 |
||